Bảo vệ môi trường du lịch. Phần 2

Wedi'i Gadw mewn:
Manylion Llyfryddiaeth
Fformat: Giáo trình
Iaith:Undetermined
Cyhoeddwyd:  Đại học Công nghiệp Tp. Hồ Chí Minh  2014
Pynciau:
Tagiau: Ychwanegu Tag
Dim Tagiau, Byddwch y cyntaf i dagio'r cofnod hwn!
Thư viện lưu trữ: Trung tâm Thư viện - Trường Đại học Công nghiệp TP. Hồ Chí Minh
LEADER 00484nam a2200133Ia 4500
001 UIH_08067
008 231011s9999 xx 000 0 und d
082 |a  628 
245 0 |a  Bảo vệ môi trường du lịch. Phần 2 
260 |b  Đại học Công nghiệp Tp. Hồ Chí Minh 
260 |c  2014 
650 |a  Bảo vệ môi trường;  
927 |a Giáo trình 
980 |a Trung tâm Thư viện - Trường Đại học Công nghiệp TP. Hồ Chí Minh